000 00528nam a2200169Ia 4500
003 OSt
005 20201218105653.0
008 190216s9999||||xx |||||||||||||| ||und||
040 _coclc
082 _a894.8121
_bMEN/B
100 _aMenon, Vallathol Narayana
_97417
245 0 _aBandanasthanaya Anirudhan /
_cVallathol Narayana Menon
260 _bVallathol Granthalayam ,
_c1966.
_aCheruthuruthi:
300 _a57p
650 _aMalayalam Kavitha
942 _cBK
_2ddc
_h894.8121
_iMEN/B
_k894.8121
_mMEN/B
999 _c23864
_d23864